Személyes márka hatalma Kim Kardashian és a SKIMS sikerének kulcsa
| Main Author: | |
|---|---|
| Other Authors: | |
| Format: | Project work |
| Kulcsszavak: | 4p Amerikai Egyesült Államok márka siker SWOT-elemzés |
| Online Access: | http://dolgozattar.uni-bge.hu/60208 |
MARC
| LEADER | 00000nnm a2200000 i 4500 | ||
|---|---|---|---|
| 001 | dolg60208 | ||
| 005 | 20260409150134.0 | ||
| 008 | 260409suuuu hu o 000 hun d | ||
| 040 | |a BGE Dolgozattár Repozitórium |b hun | ||
| 041 | |a hu | ||
| 100 | 1 | |a Drenyovszki Dominik | |
| 245 | 1 | 0 | |a Személyes márka hatalma |b Kim Kardashian és a SKIMS sikerének kulcsa |c Drenyovszki Dominik |h [elektronikus dokumentum] |
| 516 | |a Project_work | ||
| 520 | 3 | |a Projektmunkámban részletes elemzés látható Kim Kardashian és a SKIMS nevű ruhamárka kapcsolódásáról. Dolgozatomban több elemzési módszerrel vizsgáltam meg a témát, illetve kutatást végeztem a self-brand fontosságáról és az influencer marketingől. A kutatás eredményeiből létrejött összefüggéseket vizsgáltam és esetenként adtam javaslatot. Kutatásomban kitérek arra is, hogy mik a legfontosabb tényezők amikkel számolni kell, ha valaki self-brandet szeretne építeni. A projektmunka végén egy összefoglalásban foglaltam össze a dolgozat lényegét. | |
| 695 | |a 4p | ||
| 695 | |a Amerikai Egyesült Államok | ||
| 695 | |a márka | ||
| 695 | |a siker | ||
| 695 | |a SWOT-elemzés | ||
| 700 | 1 | |a Sólyomfi Dr. Andrea Hanna |e ths | |
| 856 | 4 | 0 | |u http://dolgozattar.uni-bge.hu/60208/1/Szakdolgozat_Drenyovszki_Dominik_I8NH9F.pdf |z Dokumentum-elérés |
| 856 | 4 | 0 | |u http://dolgozattar.uni-bge.hu/60208/2/Drenyovszki%20Dominik.pdf |z Dokumentum-elérés |